MDQL
is popping MORE tags! Check the
thread
!
Quizzes
Events
Quiz Creation
Community
Videos
Private Events
Remove Ads
Sign In
Join for FREE
Feedback
Dark Mode
Quiz Categories
Sports
Geography
Music
Movies
Television
Just For Fun
Miscellaneous
History
Literature
Language
Science
Gaming
Entertainment
Religion
Holiday
For Kids
Quiz Lab
Recent
Popular Today
Quiz Kudos Today
Editor Picks
Curator Picks
Quizzes by...
Day
Popularity
Type
Ratings
Length
Year
Community
Subscriptions
Recent Discussions
Orange Saloon
Badges
Playlists
Quests
Create
Leaderboards
Showdown
Live 5
Trivia Bingo
Activity
Puzzle Library
Sporcle Events
Private Events
Virtual Trivia
Globe League
Become a Host
Pub Owners
SporcleCon
Opinionation
Our Games
Videos
Blog
Mobile Apps
Partnerships
Remove Ads and Go Orange
Feedback
Sports
Athletes
MLB
NBA
NHL
NFL
Soccer
Sports Teams
WWE
NCAA
Football
Premier League
Basketball
Baseball
Hockey
Golf
Tennis
Cricket
Rugby
Auto Racing
Olympics
World Cup
Sports
Athletes
MLB
NBA
NHL
NFL
Soccer
Sports Teams
WWE
NCAA
Football
Premier League
Basketball
Baseball
Hockey
Golf
Tennis
Cricket
Rugby
Auto Racing
Olympics
World Cup
Random Quiz
Search Sporcle
×
Quiz Lab
Quiz Lab
Sports
MLB
Type in answers that appear in a list
Type in answers that appear in a list
Classic
Best Score? Go Orange.
2011 Opening Day Lineups (MLB) Stats
Can you name the 2011 Opening Day lineups ?
By
14bball21
20m
270 Questions
762 Plays
762 Plays
762 Plays
Comments
Comments
Give Quiz Kudos
Give Quiz Kudos
-
- Ratings
hide this ad
Replay
Link that replays current quiz
Next Quiz
Link to next quiz in quiz playlist
You Got
0%
They Got
Avg Score
59%
Avg Friend Score
Upgrade to see
Score Distribution
Jump to the score distribution portion of the page
Score
0/270
Timer
20:00
0
Plays Today
Player
% Correct
Chipper Jones
92.7%
Adam Jones
92.7%
Garrett Jones
92.7%
Adrian Gonzalez
91.3%
Carlos Gonzalez
91.3%
Alex Gonzalez
91.2%
Dustin Pedroia
89.5%
David Ortiz
89.5%
Michael Young
88.6%
Justin Upton
88.5%
Chris Young
88.5%
Alexei Ramirez
88.5%
Hanley Ramirez
88.5%
Delmon Young
88.5%
Manny Ramirez
88.5%
B.J. Upton
88.5%
Aramis Ramirez
88.3%
Asdrubal Cabrera
88.1%
Orlando Cabrera
88.1%
Miguel Cabrera
88.1%
Melky Cabrera
87.9%
Joey Votto
87.3%
Jacoby Ellsbury
87%
Kelly Johnson
86.9%
Josh Johnson
86.5%
Chris Johnson
86.4%
Dan Johnson
86.4%
Derrek Lee
86.2%
Carlos Lee
86.2%
Paul Konerko
86.1%
Brian McCann
85.8%
Alex Rodriguez
85.6%
Ivan Rodriguez
85.6%
Russell Martin
85.4%
Brian Roberts
84.3%
Derek Jeter
84.1%
Carl Crawford
83.5%
Kevin Youkilis
83.5%
Dan Uggla
83.2%
Prince Fielder
82.8%
Brandon Belt
81.8%
Ryan Braun
81.5%
Brandon Phillips
81.4%
Jose Reyes
81.4%
Ryan Howard
81.4%
Troy Tulowitzki
81%
Robinson Cano
80.8%
Todd Helton
80.3%
Mark Teixeira
80.1%
Matt Kemp
79.8%
Joe Mauer
79.7%
Ichiro Suzuki
79.7%
Jason Heyward
79.4%
David Wright
79.4%
Albert Pujols
79.4%
Curtis Granderson
79.3%
Adam Dunn
78.9%
Nick Markakis
78.2%
Mark Reynolds
78.1%
Jimmy Rollins
77.7%
Starlin Castro
77.3%
Vladimir Guerrero
76.9%
Scott Rolen
76.9%
Carlos Pena
76.5%
Alfonso Soriano
76.5%
Rickie Weeks
76.5%
Austin Jackson
76.4%
Victor Martinez
76.4%
Justin Morneau
76.2%
Brett Gardner
76.1%
Ike Davis
75.7%
Josh Hamilton
75.7%
Rajai Davis
75.6%
Andre Ethier
74.7%
Carlos Santana
74.5%
Matt Wieters
74.4%
Carlos Beltran
74.1%
Freddie Freeman
74%
Torii Hunter
73.8%
Nick Swisher
73.8%
Roy Halladay
73.6%
Jose Bautista
73.6%
Shane Victorino
73.5%
Geovany Soto
73.4%
Jay Bruce
73.1%
Derek Lowe
72.8%
Travis Hafner
72.8%
Adrian Beltre
72.8%
Matt Holliday
72%
Michael Bourn
71.9%
Player
% Correct
Yadier Molina
71.5%
Juan Pierre
71.4%
Ramon Hernandez
71.3%
Livan Hernandez
71.3%
Hunter Pence
70.3%
Placido Polanco
70.3%
Buster Posey
70.2%
Evan Longoria
70.2%
Ian Kinsler
70.2%
Gaby Sanchez
69.9%
Nelson Cruz
69.9%
Jarrod Saltalamacchia
69.8%
Freddy Sanchez
69.8%
Angel Sanchez
69.7%
Andrew McCutchen
69.4%
Jayson Werth
69.4%
Ryan Zimmerman
68.5%
Jorge Posada
68.4%
A.J. Pierzynski
68.1%
Shin-Soo Choo
68.1%
Kurt Suzuki
67.5%
Martin Prado
66.4%
Rafael Furcal
66.4%
Bill Hall
66.3%
Ubaldo Jimenez
66.1%
Elvis Andrus
66.1%
Marco Scutaro
66%
Magglio Ordonez
66%
Raul Ibanez
66%
Miguel Montero
65.7%
Lance Berkman
65.6%
Gordon Beckham
65.4%
Vernon Wells
65.4%
Billy Butler
65.2%
Carlos Ruiz
65.2%
Brandon Inge
64.7%
Orlando Hudson
64.6%
Alex Rios
64.4%
James Loney
64.4%
J.J. Hardy
64.3%
Michael Cuddyer
63.8%
Mike Stanton
63.6%
Tim Lincecum
63.6%
Dexter Fowler
63.4%
Aaron Hill
63.3%
Seth Smith
62.9%
Pablo Sandoval
62.5%
Ian Kennedy
62.3%
Drew Stubbs
62.2%
Denard Span
61.8%
Clayton Kershaw
61.2%
Alcides Escobar
61%
Yunel Escobar
61%
Adam Lind
61%
Edinson Volquez
60.6%
Carlos Quentin
60.5%
Ryan Dempster
60.2%
Alex Gordon
59.7%
Marlon Byrd
59.4%
Chris Carpenter
59.2%
Kosuke Fukudome
58.9%
Ben Zobrist
58.9%
Bobby Abreu
57.9%
Melvin Mora
57.7%
Coco Crisp
57.7%
Hideki Matsui
57.7%
Mike Napoli
57.1%
Nate McLouth
56.6%
Yovani Gallardo
56.6%
Howard Kendrick
56.4%
Aubrey Huff
55.9%
Adam LaRoche
55.8%
Angel Pagan
54.7%
Miguel Tejada
53.9%
Erick Aybar
53.7%
Carlos Gomez
53.4%
Omar Infante
53.3%
Johnny Damon
53.3%
John Buck
52.9%
Brent Morel
51.8%
Chone Figgins
51.6%
Jason Kubel
51.2%
Mike Cameron
51%
Neil Walker
51%
Darwin Barney
50.9%
Jonny Gomes
50.4%
Edwin Encarnacion
50.3%
Casey McGehee
50.1%
Mark Ellis
49.3%
Alex Avila
49.2%
Player
% Correct
Luke Scott
48.4%
Jhonny Peralta
48%
Ryan Theriot
48%
Ian Desmond
48%
Colby Rasmus
47.8%
Donnie Murphy
47.2%
Jeff Francoeur
47.2%
Jack Wilson
47.1%
David Freese
47%
Juan Uribe
46.7%
Chris Iannetta
46.6%
Josh Willingham
45.7%
Mark Trumbo
45.5%
Ryan Ludwick
44.9%
Maicer Izturis
44.8%
Lyle Overbay
44.8%
Logan Morrison
44.4%
Michael Brantley
44%
Pedro Alvarez
43.4%
Pat Burrell
43.4%
Yuniesky Betancourt
42.9%
Andres Torres
42.5%
Justin Smoak
42.5%
Cameron Maybin
42.3%
Chris Coghlan
42.1%
Brett Myers
41.6%
Jason Bartlett
40.9%
Jose Lopez
40.6%
Brad Hawpe
39.9%
Gerardo Parra
39.5%
Willie Bloomquist
39.1%
Daric Barton
37.9%
Brett Wallace
37.8%
Chase Headley
37.7%
Mike Pelfrey
37.5%
Peter Bourjos
37%
Rod Barajas
36.9%
Skip Schumaker
36.9%
Ryan Doumit
36.1%
Jack Cust
36%
Milton Bradley
35.7%
Matt LaPorta
35.6%
Paul Janish
35.2%
David DeJesus
34.8%
John Jaso
34.6%
Ben Francisco
34.5%
Jeff Mathis
34.3%
Yorvit Torrealba
34.3%
Cliff Pennington
34.1%
Brendan Ryan
33.6%
Mike Aviles
33.5%
Danny Espinosa
33.5%
J.P. Arencibia
33.1%
Josh Thole
32.7%
Jose Tabata
32.5%
Matt Joyce
32.4%
Ty Wigginton
31.9%
Michael Morse
31.2%
Danny Valencia
30.3%
Miguel Olivo
29.9%
Wilson Valdez
29.8%
Kevin Kouzmanoff
29.4%
Tony Gwynn
29.3%
Ryan Raburn
28.9%
Chris Getz
28.5%
Nick Hundley
28.3%
Travis Snider
28.1%
Alexi Casilla
27.7%
Julio Borbon
27.4%
Willie Harris
26.2%
Will Venable
25.7%
Jamey Carroll
25.1%
Juan Rivera
24.9%
Austin Kearns
24.8%
Rick Ankiel
24.7%
Jack Hannahan
24.5%
Juan Miranda
24.3%
Ronny Cedeno
23.8%
Kevin Correia
21.5%
Reid Brignac
21.5%
Mark Kotsay
21.4%
Tsuyoshi Nishioka
20.7%
Humberto Quintero
20.6%
Kila Ka'aihue
19.7%
Matt Treanor
18.9%
Will Rhymes
17.8%
Tim Stauffer
15.7%
Brad Emaus
13.9%
Ryan Langerhans
10.9%
Wil Nieves
9.8%
Quiz Playlist
Details
Report
Send in Message
Add To Playlist
Classic:
Type in answers that appear in a list
Quiz Source
Last Updated: Feb 16, 2017
Quiz Scoreboard
CHALLENGE
Sign Up to Join the Scoreboard
Show All
Scores
Hide
Comments
May contain spoilers
Recently Published
5x2 Blitz: Bands
by SL_Kpop136
Music
30s
Colored Red Africa Blitz
by spor1
Geography
30s
Find the 'City' Movie
by crazypaving
Movies
60s
More to Explore
Quiz From the Vault
Featured Blog Post
14 Easter Pick-up Lines to Find Eggs With
hide this ad
You Might Also Like...
Tags
Baseball Quiz
MLB Quiz
2011
Today's Top Quizzes in Sports
Browse Sports
hide this ad
Today's Top Quizzes in MLB
Browse MLB
Top Contributed Quizzes in Sports
1
Les meilleurs buteurs des matchs entre le PSG et l’OM
2
Les entraîneurs de l'OM et du PSG au 21e siècle
3
Les joueurs passés par le PSG et l'OM
4
2022 World Cup Stars
5
Players with Multiple 50 Home Run Seasons
6
Criteria MLB: Left Handed Sluggers
7
MLB Players with Two .350 Batting Average Seasons
8
Les joueurs passés par le LOSC et le RC Lens
9
NBA Logic Puzzle 2.0
10
Top 10 NHL Goal Scorers of All Time
Explore More
Trending Topics
Disney
Kpop
Marvel
Anime
NBA
Harry Potter
Crossword
Pokémon
Soccer
NFL
Puzzle
Country
The Office
Song
WWE
hide this ad
More By:
14bball21
Quiz
Plays
Rating
Category
Featured
Created
March Madness Minefield
641,626
4.26
Sports
Jul 12, 2012
NFL Passing Yards Leaders Minefield
289,163
3.91
Sports
Jul 20, 2011
MLB Who Wants to Be a Millionaire
89,917
2.44
Sports
Dec 22, 2011
Top 50 Career RBI Leaders MINES!
14,156
3.50
Sports
Jun 24, 2011
NBA Top 25 PPG Leaders (2006-2011)
8,900
4.23
Sports
Nov 17, 2011
Go to Creator's Profile
Score Distribution
Quiz Creator Spotlight
14bball21
Follow
Send a Message
Quizzes Created
-
Created Quiz Play Count
-
More By This Creator
Popular Quizzes Today
1
Colored Red Africa Blitz
2
Find the US States - No Outlines Minefield
3
Find the 'City' Movie
4
5x2 Blitz: Bands
5
The Countries of the World
6
Find the US States
7
Find the Countries of Europe - No Outlines Minefield
8
US States
More Sports Quizzes
300 Strikeout pitchers since 2000
Curator's Pick
Trending Quizzes
Colored Red Europe Blitz I
Colored Red Europe Blitz II
Colored Red Africa Blitz II
Colored Red Europe Blitz III
Colored Red Africa Blitz III
Recently Updated
How Do You Spell That?
pecheneg
Godzilla Movies
pecheneg
Grab Bag: 4-10 Letters
pecheneg
2024 March Madness Bracket
pecheneg
Famous TV Couples
Peacemaker
Champions League XIs: Real Madrid
pecheneg
Largest US Cities 1790-2010
pecheneg
Rides in Walt Disney World
pecheneg
Most Oscar Losses (Acting)
pecheneg
Beyoncé Albums
pecheneg
Trending Topics
Anime
Marvel
Crossword
NBA
Harry Potter
Kpop
Disney
Soccer
Pokémon
The Office
Song
NFL
Puzzle
Country
WWE
Your Account Isn't Verified!
In order to create a playlist on Sporcle, you need to verify the email address you used during registration. Go to your
Sporcle Settings
to finish the process.
Report this User
Report this user for behavior that violates our
Community Guidelines
.
Details:
Send Report
Go to the Sporcle.com Mobile Site →
Comments